Soukromá tajemství /

Jednotícím tématem titulu z edice Česká povídka jsou tajemství - v různém smyslu, různého typu a různých rolí, které hrají v životech protagonistů.

Hlavní autor: Mornštajnová, Alena, 1963-
Další autoři: Šabach, Petr, 1951-2017, Geislerová, Anna, 1976-, Rudiš, Jaroslav, 1972-, Dvořáková, Petra, 1977-, Epstein, Marek, 1975-, Bellová, Bianca, 1970-, Koucká, Pavla, 1975-
Jazyk: Čeština
Vydáno: Praha : Listen, 2020
Vydání: Vydání první
Témata:
Externí odkaz: Digitalizovaný dokument
Fyzický popis: 134 stran : ilustrace ; 19 cm
Knihy
Uloženo v:
LEADER 03603nam a2200589 i 4500
001 nkc20203241870
003 CZ PrNK
005 20251204235006.0
007 ta
008 201015s2020 xr a g 000 j cze
015 |a cnb003241870 
020 |a 978-80-242-6948-1  |q (vázáno) 
035 |a (OCoLC)1477946079 
040 |a ABG001  |b cze  |d OLA001  |d ABA001  |e rda 
045 |a y-y- 
072 7 |a 821.162.3-3  |x Česká próza  |2 Konspekt  |9 25 
080 |a 821.162.3-32  |2 MRF 
080 |a (0:82-32)  |2 MRF 
080 |a (082.21)  |2 MRF 
100 1 |a Mornštajnová, Alena,  |d 1963-  |7 ola2007364886  |4 aut 
245 1 0 |a Soukromá tajemství /  |c Alena Mornštajnová, Petr Šabach, Aňa Geislerová, Jaroslav Rudiš, Petra Dvořáková, Marek Epstein, Bianca Bellová, Pavla Koucká 
250 |a Vydání první 
264 1 |a Praha :  |b Listen,  |c 2020 
300 |a 134 stran :  |b ilustrace ;  |c 19 cm 
336 |a text  |b txt  |2 rdacontent 
337 |a bez média  |b n  |2 rdamedia 
338 |a svazek  |b nc  |2 rdacarrier 
505 0 0 |t Pohádky /  |r Alena Mornštajnová --  |t Prokletí rodu Grussů /  |r Petr Šabach --  |t Milada /  |r Aňa Geislerová --  |t Samochlapskej večer /  |r Jarolav Rudiš --  |t Umaúúú /  |r Petra Dvořáková --  |t Telefon /  |r Marek Epstein --  |t Jak jsem hledal bránu /  |r Bianca Bellová --  |t Co by děti neměly vědět /  |r Pavla Koucká 
520 2 |a Jednotícím tématem titulu z edice Česká povídka jsou tajemství - v různém smyslu, různého typu a různých rolí, které hrají v životech protagonistů.  |b Anna by ani za nic své matce nepřiznala, že její manžel není, jemně řečeno, tak dokonalý muž, jako byl její táta, jehož ale nikdy nepoznala, ovšem Lucie, ta nechce říct o otci svého doposud nenarozeného dítěte vůbec nic. Pan Gruss zase trvá na tom, že mezi půlnocí a jednou hodinou ranní musí být vrátnice Šternberského paláce zamčená a tedy mimo provoz, kdežto Milada odmítá kohokoliv do zámecké školní kaple pustit už bůhvíkolik let. Pro vypravěče povídky Jaroslava Rudiše je záhadou, co se dělo včera večer a proč má na balkóně na keříku navěšená rajčata z nedaleké večerky, zatímco pro Tomáše Marka Epsteina je to jeho nový telefon. A jak spolu souvisí mikulovský židovský hřbitov s prvním mléčným zubem malé Ester? Nakladatelská anotace. 
648 7 |a 21. století  |7 ch460559  |2 czenas 
650 0 7 |a česká povídka  |7 ph128146  |y 21. století  |2 czenas 
650 0 9 |a Czech short stories  |y 21st century  |2 eczenas 
655 7 |a české povídky  |7 fd133971  |2 czenas 
655 7 |a antologie  |7 fd131819  |2 czenas 
655 9 |a Czech short stories  |2 eczenas 
655 9 |a anthology  |2 eczenas 
700 1 |a Šabach, Petr,  |d 1951-2017  |7 jn19990201046  |4 aut 
700 1 |a Geislerová, Anna,  |d 1976-  |7 jo20000075324  |4 aut 
700 1 |a Rudiš, Jaroslav,  |d 1972-  |7 xx0004127  |4 aut 
700 1 |a Dvořáková, Petra,  |d 1977-  |7 xx0044613  |4 aut 
700 1 |a Epstein, Marek,  |d 1975-  |7 xx0041517  |4 aut 
700 1 |a Bellová, Bianca,  |d 1970-  |7 xx0087781  |4 aut 
700 1 |a Koucká, Pavla,  |d 1975-  |7 js20050905003  |4 aut 
856 4 1 |u http://www.digitalniknihovna.cz/mzk/uuid/uuid:5a15b480-b56d-11f0-92f9-0050568d319f  |y Digitalizovaný dokument  |x NDK 
910 2 |a BOA001  |b 1-1483.616 
920 |a 4560736  |z ABG001 
928 9 |a Euromedia Group - Listen 
990 |a BK 
995 |a 01 
991 |b 202204  |c NOV 
996 6 |b 2610897863  |c 1-1483.616  |l MZK  |r Sklad / do 1 hodiny  |n 5  |p p.v.  |w 001882067  |u 000010  |a 1  |e BOA001  |j MZK50  |s P 
996 7 |b 2610900436  |c 1-1483.616  |l MZK  |r Sklad / do 1 hodiny  |n 15  |p kup  |w 001882067  |u 000020  |a 1  |e BOA001  |j MZK50  |s A